000 00768nam a2200229Ia 4500
003 GCL
008 140319s9999 xx 000 0 ara d
020 _a6067319977
040 _aGCL /
_cGCL
082 0 4 _a384.5521
_bهـ ف
100 1 _aهناء السيد
245 1 0 _aالفضائيات وقادة الرأى :
_bدراسة اثرها على السلوك الاتصالى /
_cهناء السيد
250 _aالاولى
260 _aالقاهرة :
_bالعربى للنشر والتوزيع ،
_c2005
300 _a109 ص ؛
_c24 سم
650 0 4 _aالاعلام
650 0 4 _aالاعلام الدولى
650 0 4 _aالاقمار الصناعية
650 0 4 _aالقنوات الفضائية
650 0 4 _aالعولمة
942 _2ddc
_cBK
999 _c8289
_d8289